| 000 | 00375nam a2200133Ia 4500 | ||
|---|---|---|---|
| 003 | GCL | ||
| 008 | 140319s9999 xx 000 0 ara d | ||
| 040 |
_aGCL / _cGCL |
||
| 082 | 0 | 4 |
_a658.8 _bع ش |
| 100 | 1 | _aعبدالرحمن سليم | |
| 245 | 1 | 0 |
_aشركات السياحة ووكالات السفر / _cعبدالرحمن سليم |
| 300 | _a224 | ||
| 490 |
_a100 قصة _v0 |
||
| 999 |
_c43391 _d43391 |
||